000 nam a22 7a 4500
999 _c85
_d85
005 20170417111021.0
008 170417b2008 -uk||||| |||| 00| 0 eng d
020 _a9781847980236
040 _aAKMAL
082 _a343
090 _a343
_bGRE
245 _aTHE GREEN BOOK 2008-09
300 _ccm
650 _aTAXATION
_9229
942 _2ddc
_cBOOK